Vesmír čaká na človeka

Bibliographic Details
Main Author: Bober, Juraj, 1941- (Author)
Other Authors: Takáč, Vojtech (Bookjacket designer)
Format: Book
Language:Slovak
PhysicalDescription:175 strán, 24 nečíslovaných strán obrazových príloh fotografie, ilustrácie 21 cm
Published: Bratislava Slovenské vydavateľstvo politickej literatúry 1960
Edition:1. vyd.
Series:Politické aktuality
Subjects:

MARC

LEADER 00000cam a2200000 a 4500
001 vtls008329717
003 SK-MaSNL
005 20260301042825.0
008 230116s1960 xo oa e n 000 0 slo
015 |a SNBA1960/07-01018 
020 |q (brož.) 
035 |a SK01SNK19600021934 
035 |a urn:nbn:sk:snk-am3ir6j 
035 |a EE66070B-D42B-40C3-821F-90E8B0E60781 
035 |a urn:nbn:sk:snk-am00fern 
035 |a SKM000024397 
040 |a SNK  |b slo  |c SNK  |e AACR2 
041 0 |a slo 
044 |a xo  |c SK 
080 |a 524.8  |2 2011 
080 |a (0.062)  |2 2011 
080 |a 629.76  |2 2011 
080 |a 629.785  |2 2011 
100 1 |a Bober, Juraj,  |d 1941-  |4 aut  |9 235783 
245 1 0 |a Vesmír čaká na človeka  |c Juraj Bober 
250 |a 1. vyd. 
260 |a Bratislava  |b Slovenské vydavateľstvo politickej literatúry  |c 1960  |e Bratislava  |f Pravda 
300 |a 175 strán, 24 nečíslovaných strán obrazových príloh  |b fotografie, ilustrácie  |c 21 cm 
366 |e 7000 výt. 
490 1 |a Politické aktuality 
504 |a Bibliogr. s. 173 ; texty k obrázkom 
650 0 7 |a vesmír  |2 SNKPH  |9 1770 
650 0 7 |a kozmické rakety  |2 SNKPH  |9 67975 
650 0 7 |a kozmické lety  |2 SNKPH  |9 68692 
650 0 7 |a Universe  |2 SNKPHeng  |9 310664 
650 0 7 |a Space rockets  |2 SNKPHeng  |9 346683 
650 0 7 |a Space flights  |2 SNKPHeng  |9 318596 
655 7 |a populárno-náučné publikácie  |2 SNKPH  |9 70460 
655 7 |a Popular works  |2 SNKPHeng  |9 90287 
700 1 |a Takáč, Vojtech  |4 bjd  |4 bkd  |9 346684 
830 0 |a Politické aktuality  |9 307094 
954 |a iná literatúra (príručky, kuchárske knihy, hobby literatúra, sprievodcovia) pôvodná (slovenská)  |2 lita 
958 |a TL 
958 |a RK 
958 |a NB 
958 |a OND 
958 |a EUIPO 
999 |c 591978  |d 593908 
952 |a SNK  |b SNK  |y PREZ  |7 0  |p 17A0845794  |o snkSC 14257  |i snkKSP 1881/60  |0 0  |1 0  |4 0  |d 2020-03-17  |f 1  |l 0  |r 2025-07-16 00:00:00  |w 2026-02-23